000 00829cam a2200277 4500
001 M51
008 090401t1988 xxu||||| |||| 00| 0 eng d
035 _a(Sirsi) u39553
041 _aeng
050 _a658.8
090 _aRICS 1988/73AC
110 _aRoyal Institution of Chartered Surveyors
_94900
245 _aCorporate communications matters.
260 _aLondon
_bRICS
_c1988
300 _a28p.; 30cm.
350 _a0
520 _aNotes to accompany a session held at the members conference, Birmingham Metropole, 13-15 October 1988.
650 _aANNUAL CONFERENCE
650 _aMARKETING
650 _aPROFESSIONAL SERVICES
650 _aPUBLIC RELATIONS
700 _aBough, Frank
_xChairman
710 _aRoyal Institution of Chartered Surveyors
_bJournals
_93429
942 _n0
948 _c04/03/1997
999 _c90801
_d90801